| 000 | 01743cam a2200481 a 4500 | ||
|---|---|---|---|
| 001 | 20425 | ||
| 003 | VRT | ||
| 005 | 20260122130500.0 | ||
| 008 | 240226s1999 xo gr 000 f slo | ||
| 015 | _aSNBA2004/03-02104 | ||
| 020 | _a8088834589 | ||
| 035 | _aSNK000406360 | ||
| 035 | _aurn:nbn:sk:snk-am3iwjd | ||
| 035 | _aE193739D-55E0-4C6E-BBA5-AB8DE17859F0 | ||
| 035 | _aurn:nbn:sk:snk-am00g5x8 | ||
| 039 | 9 |
_a202402261710 _bVLOAD _c202208180759 _dmsnk115 _c202205120806 _dVLOAD _c202201070905 _dVLOAD |
|
| 040 |
_aSNK _bslo _aSNK _eAACR2 |
||
| 041 | 1 |
_aslo _hrus |
|
| 044 |
_axo _cSK |
||
| 072 | 7 |
_a821.161.1 _xRuská literatúra _2konspekt |
|
| 080 |
_a821.161.1-31 _22011 |
||
| 100 | 1 |
_aPuškin, Aleksandr Sergejevič, _d1799-1837 _4aut |
|
| 245 | 1 | 0 |
_aEugen Onegin _cAlexander Sergejevič Puškin ; preložil: Ivan Kupec |
| 250 | _a[1. vydanie] | ||
| 260 |
_aRohovce _bInterpopulart Slovakia _c[1999] |
||
| 300 |
_a127 strán _c22 cm |
||
| 490 | 1 | _aPopulart. Ruská romantická literatúra | |
| 490 | 1 |
_aŠtudentská knižnica _v59. |
|
| 500 | _aPreložené z ruštiny | ||
| 655 | 7 |
_aruské romány _2SNKPH |
|
| 655 | 7 |
_averšované romány _2SNKPH |
|
| 700 | 1 |
_aKupec, Ivan, _d1922-1997 _4trl |
|
| 830 | 0 |
_aPopulart _pRuská romantická literatúra |
|
| 830 | 0 | _aŠtudentská knižnica | |
| 910 | _asnk | ||
| 942 |
_2ddc _cKLDO _n0 |
||
| 949 |
_63912002498 _aknkjsdo/B _bknkjs2008/245639 |
||
| 949 |
_63912002499 _aknkjsdo/B _bknkjs2008/260566 |
||
| 949 |
_6270001000046167 _asvkbbA 94679 _bsvkbbm 612589 |
||
| 949 |
_6270001000046168 _asvkbbA 94679 _bsvkbbm 612590 |
||
| 949 |
_6270001000046169 _asvkbbA 94679 _bsvkbbm 613246 |
||
| 949 |
_617A0378271 _9P60, <03>, [BOOK], {603} _asnkSC 111115 _bsnkKSP 4088/2003 _s6100:20210419 |
||
| 999 |
_c20425 _d20425 |
||